Assessment of Andres Bonifacio's contributions to the Philippine revolution (1896-1898) / (Record no. 98409)
[ view plain ]
| 000 -LEADER | |
|---|---|
| fixed length control field | 00764nam a2200193 a 4500 |
| 003 - CONTROL NUMBER IDENTIFIER | |
| control field | 0 |
| 005 - DATE AND TIME OF LATEST TRANSACTION | |
| control field | 20250225105649.0 |
| 008 - FIXED-LENGTH DATA ELEMENTS--GENERAL INFORMATION | |
| fixed length control field | 101013s19uu xx 00 eng d |
| 050 ## - LIBRARY OF CONGRESS CALL NUMBER | |
| Classification number | PHS DS 686.6.B66 |
| Item number | .G31 2010 |
| 100 ## - MAIN ENTRY--PERSONAL NAME | |
| Personal name | Geronimo, Katrina Maria Alexandra P. |
| 245 ## - TITLE STATEMENT | |
| Title | Assessment of Andres Bonifacio's contributions to the Philippine revolution (1896-1898) / |
| Statement of responsibility, etc | Katrina Maria Alexandra P. Geronimo. |
| 260 ## - PUBLICATION, DISTRIBUTION, ETC. (IMPRINT) | |
| Place of publication, distribution, etc | Las Piñas City, Philippines : |
| Name of publisher, distributor, etc | Southville International School and Colleges, |
| Date of publication, distribution, etc | 2010. |
| 300 ## - PHYSICAL DESCRIPTION | |
| Extent | 36 pages ; |
| Dimensions | 30 cm. |
| 504 ## - BIBLIOGRAPHY, ETC. NOTE | |
| Bibliography, etc | Includes bibliographical references. |
| 650 ## - SUBJECT ADDED ENTRY--TOPICAL TERM | |
| Topical term or geographic name as entry element | Bonifacio, Andres, 1863-1897. |
| 650 ## - SUBJECT ADDED ENTRY--TOPICAL TERM | |
| Topical term or geographic name as entry element | Philippine Revolution, 1896-1898. |
| 650 ## - SUBJECT ADDED ENTRY--TOPICAL TERM | |
| Topical term or geographic name as entry element | Philippines |
| General subdivision | History |
| Form subdivision | Revolution, 1896-1898. |
| 942 ## - ADDED ENTRY ELEMENTS (KOHA) | |
| Source of classification or shelving scheme | Library of Congress Classification |
| Koha item type | PASS |
| Withdrawn status | Lost status | Source of classification or shelving scheme | Damaged status | Home library | Current library | Shelving location | Date acquired | Source of acquisition | Total Checkouts | Full call number | Barcode | Date last seen | Price effective from | Koha item type |
|---|---|---|---|---|---|---|---|---|---|---|---|---|---|---|
| Library of Congress Classification | Luxembourg Library | Luxembourg Library | Portfolio Assessment of SISC Students Section | 10/13/2010 | Donation | PHS DS 686.6.B66 .G31 2010 | P2508 | 04/08/2014 | 04/08/2014 | PASS |